Mujeres rurales: prioridad nacional /

Wedi'i Gadw mewn:
Manylion Llyfryddiaeth
Prif Awdur: Terán, Luz Aleyda
Fformat: Texto
Pynciau:
Tagiau: Ychwanegu Tag
Dim Tagiau, Byddwch y cyntaf i dagio'r cofnod hwn!

MARC

LEADER 00000 a a2200000 04500
001 9378
003
040
100 |a Terán, Luz Aleyda  
245 |a Mujeres rurales:   |b prioridad nacional /  |c Luz Aleyda Terán 
650 |a MUJERES  
650 |a MUJERES RURALES  
650 |a SOCIEDADES  
650 |a MEDIO AMBIENTE  
650 |a POBREZA  
650 |a FEMINISMO  
650 |a TEORIA  
650 |a UNESCO  
650 |a DESARROLLO ECONOMICO Y SOCIAL  
773 |g número 417; páginas 88-96  
999 |c 34422  |d 34422